Регионална библиотека "Любен Каравелов" - Русе

Проблеми на обучението в началното училище (Запис номер 17309)

MARC детайли
000 -Лидер
Контролно поле с фиксирана дължина 01480nam a2200325 c 4500
003 - Код на организацията, давaща контролен номер
Контролно поле BLK
005 - Дата и час на последна редакция
Контролно поле 20180420215242.0
008 - Елементи от данни с фиксирана дължина
fixed length control field 180413b bul|||||r ||||||| ||bul||
010 ## - Наследен системен номер
LC control number KNG00019249000
020 ## - Международен стандартен номер на книга ISBN
Международен стандартен номер на книга ISBN 954-524-156-Х
-- издат.: Унив. изд. Св. св. Кирил и Методий
040 ## - Източник на каталожния запис
Идентификатор на билиотеката - собственик на записа BLK
041 ## - Код за език
Код за езика на текст/звукозапис или на отделно заглавие Български
Код за езика КДБФ Български
080 ## - УДК
Текстов определител УДК Основно образование
УДК код - определител по УДК 372.4
УДК определител
УДК - код + определител 372.4
139 ## - Редно поле
Редна дума Проблеми на обучението в началното училище
Авторски знак Про - П 89
245 10 - Сведения за заглавието
Заглавие Проблеми на обучението в началното училище
Редно поле (дума) състав. и ред. Панайот Дражев.
257 ## - Страна на издаване
Страна на създаване/издаване България
260 ## - Област на издателските данни
-- В. Търново
Име на издателя, разпространителя и проч. Унив. изд. Св. св. Кирил и Методий
Година на издаване 1997
300 ## - Физическа характеристика
Страници 182 с.
Илюстрации и др. с черт., табл., ноти
Размери/Мащаб 21 см
380 ## - Жанр
Жанр Обществени науки
500 ## - Общи забележки
Забележка Пълното име на състав. е Панайот Дражев Панайотов. - 300 тир.
650 #4 - Допълнително описание по предмет – тема
Основно описание – тема или топоним Учебен процес - в началното училище
9 (RLIN) 261898
650 #4 - Допълнително описание по предмет – тема
Основно описание – тема или топоним Методика на преподаването - в началното училище
9 (RLIN) 261899
653 ## - Ключова дума – ненормативна
Ключова дума начално образование
700 1# - Други автори (авторска отговорност)
Лично име Дражев, Панайот
Автороска отговорност (Описва отношението между автора и произведението) състав. и ред.
9 (RLIN) 261897
852 ## - Местоположение
Форматна сигнатура Цб 194657
856 4# - Електронен адрес и достъп
Електронен формат pdf - файл
Път до файла /url/
856 4# - Електронен адрес и достъп
Електронен формат pdf - файл
Път до файла /url/
942 ## - АРТИКУЛИ
Вид на библиотечния материал Книги
Скрит в OPAC Не
944 ## - СЪЗДАВАНЕ И РЕДАКЦИЯ на ЗАПИСА
Създаване/Редакция Създаване
Дата на регистрацията/редакция 15.01.2003
Служител, извършил регистрацията/редакцията Кети_Илиева
944 ## - СЪЗДАВАНЕ И РЕДАКЦИЯ на ЗАПИСА
Създаване/Редакция Редакция
Дата на регистрацията/редакция 10.09.2015
Служител, извършил регистрацията/редакцията Нора_Радева
999 ## - СИСТЕМНИ КОНТРОЛНИ НОМЕРА
Koha biblionumber 17309
Koha biblioitemnumber 17309
Наличности
Код за отписване Код за изгубен артикул Източник на класификационната схема Код за повреда Коз за рестрикции Код за отдаване Артикулен № Име на библиотеката - собственик Име на библиотеката, в която се намира в момента Статус (Текущо местоположение) Дата на вписване в системата Местоположение - отдел Цена в лева Инвентарен номер Систематично азбучна сигнатура Баркод Номер на екземпляра Цена в евро Служебна бележка Служебен тип на артикула
Изтеглен Не е изгубен Universal Decimal Classification Не е повреден без рестрикции ползва се в читалня 29195 Регионална библиотека "Любен Каравелов" Русе Регионална библиотека "Любен Каравелов" Русе Читалня 2001-01-01 Читалня 2.80 636244 Ч 372/П 89 636244 1 1.43 Дата инв: 15.03.2017 Бележки инв: Ч2017 Книги
  Не е изгубен Universal Decimal Classification Не е повреден без рестрикции ползва се в читалня 29196 Регионална библиотека "Любен Каравелов" Русе Регионална библиотека "Любен Каравелов" Русе Хранилище 2001-01-01 Хранилище 0.00 636537 Цб 194657 120000636537 2 0.00   Книги
Vip Innovations Ltd, Rousse, Bulgaria 2025